Statystyki dla Państwa graniczące z Kamerunem.

Kliknij tutaj aby rozwiązać quiz!

Ogólne statystyki

  • Ten quiz został rozwiązany 43 razy
  • Średni wynik to 5 z 6

Statystyki odpowiedzi

Długość granicy w kmOdpowiedź% Poprawnych
1094Czad
95%
1960Nigeria
95%
523Kongo
89%
797Republika Środkowoafrykańska
87%
198Gabon
84%
189Gwinea Równikowa
84%

Rozkład punktacji

Percentyl według liczby udzielonych odpowiedzi

Procent ludzi z każdym wynikiem

Twoja historia wyników

Nie rozwiązałeś tego quizu